000 00488nam a2200169 i 4500
001 bgj
100 1 _aPASTERNAK, Boris
_d(1890-1960).
245 1 0 _aDoctor Zhivago /
_cBoris Pasternak ; translated from the Russian by Max Hayward.
260 _aNew York :
_bPantheon,
_c1959.
300 _a558, [1] pp ;
_c18 cm.
650 9 _aNon-English literature
650 9 _aRussian literature
040 _cBPK
041 0 _aeng
_hrus
942 _cKS
008 s uk f |000 0 eng
999 _c48811
_d48811
856 _uhttp://koha.tu.koszalin.pl/cgi-bin/koha/opac-detail.pl?biblionumber=48811
_yKatalog online BPK